Statistics for Vampires: people characters

Click here to take the quiz!

General Stats

  • This quiz has been taken 10 times
  • The average score is 12 of 32

Answer Stats

movie/tvactorAnswer% Correct
twilightRobert PattinsonEdward Cullen
100%
Horror of DraculaChristopher LeeDracula
88%
DraculaBela LugosiDracula
88%
Hotel transylvaniaSelena GomezMavis
88%
Buffy the Vampire SlayerDavid BoreanazAngel
63%
Twilight new moonMichael Sheenaro
63%
DraculaClaes BangCount dracula
63%
Hotel transylvaniaAdam SandlerCount Dracula
63%
the Vampire DiariesIan SomerhalderDamon Salvatore
63%
Interview with a vampireTom CruiseLestat De lioncourt
63%
Buffy the Vampire SlayerJames MarstersSpike
63%
The Vampire DiariesPaul wesleyStefan Salvatore
63%
The OriginalsDaniel GilliesElijah Mikaelson
50%
The OriginalsJoseph MorganKlaus Mikaelson
50%
twilightbryce dallas howardVictoria
50%
twilightjackson rathboneJasper Hale
38%
The OriginalsNathaniel BuzzolicKol Mikaelson
38%
ShadowhuntersAlberto RosendeSimon Lewis
25%
Dark ShadowsJohnny DeppBarnabas Collins
13%
SupernaturalAmber BensonLenore
13%
The OriginalsCharles Michael DavisMarcel Gerard
13%
true bloodStephen MoyerBill Compton
0%
American Horror StoryLady GagaCountess Elizabeth
0%
true bloodAlexander Skarsgaarderic Northman
0%
Being HumanAidan turnerJohn Mitchell
0%
vampire academyLucy FryLissa Dragomir
0%
a discovery of witchesMatthew GoodeMatthew Clairmont
0%
MoonlightAlex o'laughlinMick St John
0%
true bloodKristin Bauer van StratenPam
0%
True BloodDenis O' HareRussell Edgington
0%
True Bloodevan rachel WoodSophie Anne
0%
a Discovery of witchesLindsay Duncanysabeau De Clermont
0%

Score Distribution

Percentile by Number Answered

Percent of People with Each Score

Your Score History

You have not taken this quiz